| 000 | 02016cam a2200301 a 4500 | ||
|---|---|---|---|
| 001 | 000006516 | ||
| 005 | 20200929153938.0 | ||
| 008 | 870718k19641967ck a b 000 0dspa | ||
| 040 |
_aDO-SdBNP _bspa _cBNPHU |
||
| 082 |
_a986.1 _bA168h |
||
| 110 | 1 |
_aAcademia Colombiana de Historia _918067 |
|
| 245 | 1 | 0 | _aHistoria extensa de Colombia. |
| 260 |
_aBogotá : _bLerner, _c1964-1967. |
||
| 300 |
_av. : _bil. ; _c25 cm. |
||
| 504 | _aIncluye bibliografía. | ||
| 500 | _aLa biblioteca posee los volúmenes 1,3,5,6,14 y 20. | ||
| 505 | 0 |
_gv. 1. _tPrehistoria -- _gt. 3. _tLenguas y dialecto indígenas de Colombia / _rSergio Elías Ortiz -- _gv. 3. _tNuevo reino de Granada. Real Audiencia y Presidentes -- _gt. 2. _tPresidentes de capa y espada: (1628-1654) / _rManuel Lucena Salmoral -- _gt. 4. _tPresidentes de capa y espada: (1654-1719) / _rSergio Elías Ortiz -- _gv. 5. _tLa primera república / _rManuel José Forero -- _gv. 6. _tLa reconquista española _gt. 1 _tInvasión pacificadora. Régimen del terror. Mártires, conspiradores y guerrilleros (1815-1817) / _rOswaldo Díaz Díaz -- _gt. 2. _tContribución de las guerrillas a la campaña libertadora 1817-1819 / _rOswaldo Díaz Díaz -- _gv.10. _tRepública de Colombia _gt.1 _t1885-1895 / _rLuis Martínez Delgado -- _gv. 14. _tLa legislación y el derecho en Colombia: sinopsis histórica desde la conquista hasta el presente / _rMiguel Aguilera -- _gv. 20. _tLas artes en Colombia _gt. 4. _tLa arquitectura colonial / _rCarlos Arbeláez Camacho y Santiago Sebastían López -- _gt. 6. _tLa cultura musical en Colombia / _rAndrés Pardo Tovar. |
|
| 651 | 4 |
_aColombia _xHistoria _918037 |
|
| 651 | 4 |
_aColombia _xCivilización _918068 |
|
| 700 | 1 |
_aOrtiz, Sergio Elías _918069 |
|
| 700 | 1 |
_aLucena Salmoral, Manuel _918070 |
|
| 700 | 1 |
_aDíaz Díaz, Oswaldo _918071 |
|
| 700 | 1 |
_aForero, Manuel José _918072 |
|
| 700 | 1 |
_aAguilera, Miguel _918073 |
|
| 700 | 1 |
_aArbeláez Camacho, Carlos _918074 |
|
| 700 | 1 |
_aMartínez Delgado, Luis _918075 |
|
| 700 | 1 |
_aLópez, Santiago Sebastián _918076 |
|
| 999 |
_c6307 _d6307 |
||